00756nam a22001575i 4500001000700000003000900007005001700016008004100033040002000074100002200094245008800116260007200204300002100276500007300297852022800370160537ES-MaACL20230906212049.0020123s1871 sp |||| | spa d aCAM bspa cCAM1 aNavarro, Calisto.13aLa internacional b: comedia en un acto y en verso / coriginal de Calisto Navarro. aMadrid : b[s.n.], c1871 (fimprenta, Jesús del Valle, 15, Bajo) a24 p. ; c20 cm. aEn port.: Estrenada en Madrid, la noche del 24 de noviembre de 1871. aES-MaACLjF-8578(1) z-- Enc. pasta española z-- Ex-libris ms. de Gustavo Saenz Diez, 1876 q-- Falto de la cub. original z-- Enc. en un vol. facticio formando parte de la col. facticia Teatro español moderno, vol. 31